Normal view
MARC view
- Linz, Juan J.
Entry Personal Name
001 - CONTROL NUMBER
- control field: 15507
003 - CONTROL NUMBER IDENTIFIER
- control field: OSt
005 - DATE AND TIME OF LATEST TRANSACTION
- control field: 20260206105334.0
008 - FIXED-LENGTH DATA ELEMENTS
- fixed length control field: 260206|| aca||aabn | a|a d
040 ## - CATALOGING SOURCE
- Original cataloging agency: OSt
- Transcribing agency: OSt
100 ## - HEADING--PERSONAL NAME
- Personal name: Linz, Juan J.
- Fuller form of name: (Juan José)
670 ## - SOURCE DATA FOUND
- Source citation: Work cat.: (OSt)6102: Linz, Juan J. (Juan José),, Problems of democratic transition and consolidation :, 1996.